| 000 | 00000nam##2200000za#4500 |
| 001 | 9.535498 |
| 003 | CaOODSP |
| 005 | 20200401015602 |
| 007 | ta |
| 008 | 150406|2001||||xxc||||| f|0| 0 eng|d |
| 020 | |a0-660-61669-6 |
| 040 | |aCaOODSP|beng |
| 041 | |aeng |
| 041 | |afre |
| 043 | |an-cn--- |
| 086 | 1 |aBT31-4/25-2001 |
| 110 | 1 |aCanada. |bTreasury Board. |
| 245 | 10|aCanadian Human Rights Commission |
| 260 | |aOttawa - Ontario : |bTreasury Board of Canada Secretariat |c2001. |
| 300 | |aEnglish text, 32p. : |btables ; |c28 cm. |
| 490 | 1 |aPerformance report for the period ending March 31, 2001 |
| 546 | |aBilingual |
| 563 | |aSoftcover |
| 590 | |a01-46|b2001-11-16 |
| 690 | 07|aEstimates|2gcpds |
| 690 | 07|aFederal institutions|2gcpds |
| 690 | 07|aHuman rights|2gcpds |
| 776 | 0#|tCommission canadienne des droits de la personne, rapport sur le rendement pour la période se terminant le 31 mars 2001 |w(CaOODSP)9.600387 |
| 776 | 0#|tCanadian Human Rights Commission, performance report for the period ending March 31, 2001 |w(CaOODSP)9.569150 |
| 792 | |tCommission canadienne des droits de la personne |efre|w(CaOODSP)9.535499 |
| 830 | #0|aPerformance report for the period ending March 31, 2001.|w(CaOODSP)9.508980 |